| 000 | 01123nam a22002057a 4500 | ||
|---|---|---|---|
| 999 |
_c56875 _d56875 |
||
| 005 | 20221107123958.0 | ||
| 008 | 190531b2012 enk||||| |||| 00| 0 eng d | ||
| 020 | _a9781938287138 X | ||
| 041 | _aeng | ||
| 080 | _a616-053.2 H-50 | ||
| 100 |
_aHeffron, Mary Clarie _91908 |
||
| 245 |
_a Finding the Words, Finding the Ways: Exploring Reflective Supervision and Facilitation _b For video vignettes that offer practitiiners, students and administrators a real- time opportunity to see and hear reflective supervision in action / _hMary Claire Heffron ; Trudi Murch. |
||
| 264 |
_aCalifornia .: _bCALIFORNIA CENNTER, _c2012. |
||
| 300 |
_a61 p .: _bll; _c(DVD and Manual) : _e22 cm. |
||
| 653 | _aგანათლება | ||
| 653 | _aმედიცინა | ||
| 653 | _aჩვილ ბავშვთა და ადრეული ასაკის ბავშვთა ფსიქიკური ჯანმრთელობის WestEd ცენტრი პრევენცია და ადრეული ინტერვენცია | ||
| 700 |
_aMurch, Trudi _91909 |
||
| 942 |
_2udc _cBK |
||